Το δελτίο της ναυτιλίας
Saved in:
| Format: | Serial |
|---|---|
| Language: | Greek |
| Published: |
Αθήνα :
Ναυτικό Επιμελητήριο της Ελλάδος,
[19--]-
|
| Subjects: | |
| Tags: |
Add Tag
No Tags, Be the first to tag this record!
|
MARC
| LEADER | 00000nas a2200000 i 4500 | ||
|---|---|---|---|
| 001 | 1/57624 | ||
| 008 | 040616c19 9999gr gre | ||
| 022 | |a 11056509 | ||
| 035 | |l 10073804 | ||
| 040 | |a GR-MY-UA |b gre |e aacr | ||
| 041 | 0 | |a gre | |
| 082 | 0 | |a 387 | |
| 245 | 1 | 3 | |a Το δελτίο της ναυτιλίας |h [περιοδικό] |
| 260 | |a Αθήνα : |b Ναυτικό Επιμελητήριο της Ελλάδος, |c [19--]- | ||
| 300 | |a τ. : |b εικ. ; |c 29 εκ. | ||
| 310 | |a Διμηνιαίο | ||
| 650 | 0 | 0 | |a Shipping |z Greece |x Periodicals. |
| 853 | |a INST |b CHIOS |c SER |h 387.505 | ||
| 901 | |a BIBL2-2003-2 | ||
| 920 | |a ΔΩΡΕΑ ΒΙΒΛΙΟΘΗΚΗΣ |y ΧΙΟΣ |z 1989-01 | ||
| 970 | |a ΣΠΕΝΤΖΑ |b ΕΛΕΝΗ |z 2004/06/16 | ||